01360nam a22002177a 450000500170000000800410001702000180005804000070007604100080008308200230009110000300011424500650014426000420020930000260025136500620027752005690033965000390090894200120094799900190095995201640097820220118105602.0220113b ||||| |||| 00| 0 eng d a9788175994737 cAL aeng 223a823.914b DOYR aArthur Conan Doyle913048 aReturn of Sherlock HolmesbA collection of Holmes adventures aNew DelhibFingerprint classicsc2020 a323p.bPBc19.6X13cm. 2Generala4477b₹152.10c₹d₹195.00e22%f18-12-2021 aIn the spring of 1894, as Watson investigates the murder of the Honourable Ronald Adair, the maid announces a visitor. To his surprise, it is none other than the old book collector he bumped into not too long ago. As Watson turns around to meet him, he faints . . . ?My dear Watson, ?said the well-remembered voice . . . ?Holmes! ? I cried. ?Is it really you? Can it indeed be that you are alive? ? Sherlock Holmes is back from the dead to resume his practice. Follow him as he prevents scandals, cracks codes, identifies criminals and saves his innocent clients.  2LiteratureaEnglish fiction913510 2ddccBK c221168d221168 00102ddc40708GENaSACPGbSACPGd2021-12-30eBiblios Book Pointg152.10l1o823.914 DOYRpPG023535r2023-03-13 00:00:00s2023-03-02v195.00w2022-01-13yBK